[Event "AUT-ch U10"]
[Site "St Kanzian"]
[Date "2017.06.17"]
[Round "4.11"]
[White "Unterrieder, Romano"]
[Black "Lackner, Jonas"]
[Result "1-0"]
[WhiteElo "1030"]
[BlackElo "817"]
[PlyCount "77"]
[EventDate "2017.06.16"]
[EventType "swiss"]
[EventRounds "7"]
[EventCountry "AUT"]
[SourceTitle "EXT 2024"]
[Source "ChessBase"]
[SourceDate "2023.10.10"]
[SourceVersion "1"]
[SourceVersionDate "2023.10.10"]
[SourceQuality "1"]

1. e4 e5 2. Nf3 Nc6 3. Bb5 a6 4. Bxc6 dxc6 5. d3 Bc5 6. 0-0 Nf6 7. Nc3 0-0 8. Nxe5 Bd4 9. Nf3 Bxc3 10. bxc3 Bg4 11. h3 Bxf3 12. Qxf3 b5 13. Qg3 g6 14. Qf3 c5 15. Rd1 b4 16. cxb4 cxb4 17. Bb2 Ne8 18. a3 c5 19. axb4 cxb4 20. e5 a5 21. d4 a4 22. c3 a3 23. Bxa3 bxa3 24. g4 Ng7 25. Qg3 a2 26. Rd2 Qd5 27. f4 Rfb8 28. Rdd1 Ne8 29. f5 gxf5 30. gxf5+ Kh8 31. f6 Rb1 32. Rdxb1 axb1Q+ 33. Rxb1 Qa2 34. Rf1 Qe2 35. Rf2 Qe1+ 36. Kg2 Qe4+ 37. Kh2 Ra1 38. Rg2 h6 39. Qg8# 1-0

[Event "AUT-ch U10"]
[Site "St Kanzian"]
[Date "2017.06.17"]
[Round "6.12"]
[White "Unterrieder, Romano"]
[Black "Narankhuu, Gan Erdene"]
[Result "1-0"]
[WhiteElo "1030"]
[BlackElo "1044"]
[PlyCount "73"]
[EventDate "2017.06.16"]
[EventType "swiss"]
[EventRounds "7"]
[EventCountry "AUT"]
[SourceTitle "EXT 2024"]
[Source "ChessBase"]
[SourceDate "2023.10.10"]
[SourceVersion "1"]
[SourceVersionDate "2023.10.10"]
[SourceQuality "1"]

1. e4 e5 2. Nf3 Nc6 3. Bb5 Nf6 4. Nc3 Bc5 5. Bxc6 dxc6 6. Nxe5 Qd4 7. Nd3 Bb4 8. Nxb4 Qxb4 9. d3 Qe7 10. Bg5 h6 11. Bxf6 Qxf6 12. Qe2 0-0 13. 0-0-0 a5 14. Qe3 b5 15. Ne2 b4 16. c3 bxc3 17. bxc3 Rb8 18. Kd2 Rb2+ 19. Ke1 Rxa2 20. Nc1 Qxc3+ 21. Kf1 Ra1 22. f3 Be6 23. Re1 Rb8 24. Kf2 c5 25. Ne2 Ra2 26. Kf1 Qe5 27. f4 Qh5 28. h3 f5 29. exf5 Qxf5 30. g4 Qd5 31. Ng3 Qd4 32. Qxe6+ Kh8 33. Ne2 Ra1 34. Nxd4 cxd4 35. Rxa1 Ra8 36. h4 a4 37. g5 1-0